00338nam a2200133Ia 4500003000400000005001700004008004100021040000900062082001700071100001600088245003900104260005200143300000900195OSt20191226125743.0190216s9999||||xx |||||||||||||| ||und|| coclc a519.5bJOS/B aJoseph, K X 0aBusiness Statistics /c K X Joseph bCalicut University Central Co-Operative,c2001. a396p